| 000 | 00773nam a22002657a 4500 | ||
|---|---|---|---|
| 005 | 20260222215210.0 | ||
| 008 | 260222b |||||||| |||| 00| 0 spa d | ||
| 040 |
_aCO-BoESAP _bspa _cCO-BoESAP |
||
| 100 | 1 |
_aRoa Suárez, Hernando, _d1939- _9119 _eautor |
|
| 245 | 1 | 0 |
_aNuevos liderazgos políticos / _cHernando Roa Suárez. |
| 300 | _apáginas | ||
| 504 | _aBibliografía : página 216. | ||
| 526 | _a104436 | ||
| 526 | _a1697 | ||
| 526 | _a19790 | ||
| 526 | _a51868 | ||
| 526 | _a102619 | ||
| 526 | _a5144 | ||
| 650 | 1 | 7 |
_aLiderazgo _92295 _2LEMB |
| 650 | 2 | 7 |
_aLiderazgo político _94743 _2LEMB |
| 650 | 2 | 7 |
_aLíderes políticos _91136 _2LEMB |
| 650 | 2 | 7 |
_aParticipación política _93695 _2LEMB |
| 773 | _tTemas políticos contemporáneos | ||
| 942 |
_2cl _cCHAP |
||
| 999 |
_c175245 _d175245 |
||